000 00537nam a2200181 4500
008 240715b |||||||| |||| 00| 0 eng d
020 _a8130405180
_qpbk
041 _aeng
082 _a428.1
_bHAF
100 _aLalita Harish
245 _aSharpen your vocabulary
_c Harish Lalita
250 _a1ed.,
260 _aDelhi
_bTiny tot Publications
_c2009
300 _a160p.
520 _aVocabulary consists of the words used by a particular person to express his views and opinions..
700 _aLalita Harish
942 _cENGLISH
999 _c514838
_d514838